Normale Ansicht MARC-Ansicht ISBD

Sensationeller Fund in Frankfurt (Titelsatznr. 372031)

[ MARC ]
MARC-Details
000 -Satzkennung
Kontrollfeld mit fester Länge 00772nam a22001817a 4500
008 - Feld mit fester Länge zur physischen Beschreibung - Allgemeine Angaben
Kontrollfeld mit fester Länge 201127b ||||| |||| 00| 0 eng d
040 ## - Katalogisierungsquelle
Original-Katalogisierungsstelle DE-2950
Katalogisierungssprache ger
Übertragungsstelle DE-2950
Beschreibungsfestlegungen rda
041 ## - Sprachcode
Sprachcode des Textes/der Tonspur oder des separaten Titels ger
245 ## - Titel
Haupttitel Sensationeller Fund in Frankfurt
Titelzusatz Artenvielfalt. Ein Schüler aus Frankfurt (Oder) hat in der Stadt einen sehr seltenen Vogel entdeckt. Warum jetzt Ornithologen und Vogelbeobachter aus halb Deutschland an die Oder kommen/
Verantwortlichkeitsangabe Lisa Mahlke
264 ## - Veröffentlichungsangabe, Vertriebsangabe, Herstellungsangabe
Erscheinungs-, Vertriebs-, Herstellungsdatum 2022
653 ## - Lokales Schlagwort
Nicht-normierter Term Frankfurt (Oder)
653 ## - Lokales Schlagwort
Nicht-normierter Term Blutspecht
773 ## - Übergeordnete Einheit
Ort, Verlag und Erscheinungsjahr Frankfurt (Oder) Märkisches Verlags- und Druckhaus GmbH & Co KG
Titel Märkische Oderzeitung
Verknüpfungsangaben 33. Jahrgang (2022) Nr. 287 vom 09.12.2022, S. 15, mit Foto.
942 ## - Zusätzliche Felder (Koha)
Koha-Medientyp Aufsätze

Keine Exemplare verfügbar.